A ecologia explicada aos jovens... e aos outros (Registo nº 697)

Detalhes MARC
000 -Etiqueta do registo
Cabeçalho 00833cam a2200313 4500
005 - Identificador da versão
Campo de controlo 20240813121810.0
010 ## - Número internacional normalizado dos livros (ISBN)
Número (ISBN) 9727103405
021 ## - Número do Depósito Legal
Código do país PT
Número 194255/03
035 ## - Other System Control Numbers
System Control Number 0000727
System Control Number 0000722
System Control Number 0000722
System Control Number 0000710
100 ## - Dados gerais de processamento
Dados gerais de processamento 20031016d2003 m y0pory5003 ba
102 ## - Pais de publicação ou produção
País de publicação Portugal
101 0# - Língua de publicação
Língua do texto, banda sonora, etc. Português
106 ## - Campo de dados codificados: material textual
Dados codificados do material textual r
105 ## - Campo de dados codificados: livros
Dados codificados dos livros a z 001yy
215 ## - Descrição física 
Indicação específica da natureza do documento e extensão da espécie 81, [6] p.
Outras indicações físicas il.
Dimensões 20 cm
200 1# - Titulo e menção de responsabilidade
Título próprio A ecologia explicada aos jovens... e aos outros
Primeira menção de responsabilidade José Jorge Letria
Outras menções de responsabilidade il. André Letria
225 2# - Colecção 
Título próprio da colecção Caminhos da liberdade
Indicação de volume 14
205 ## - Menção da edição
Menção da edição 1ª ed
210 ## - Publicação, Distribuição, etc. 
Lugar da edição, distribuição, etc. Lisboa
Nome do editor, distribuidor, etc. Terramar
Data da publicação, distribuição, etc. 2003
675 ## - Classificação Decimal Universal (CDU)
Notação 504(076)
Edição BN
Língua da edição por
Notação 502.3(076)
702 #1 - Nome de autor-pessoa física (responsabilidade secundária)
Número de registo de entrada de autoridade 0000909
Palavra de ordem Letria
Outra parte do nome não tomada para palavra de ordem André
Datas 1973-
Código de função Ilustrador / Técnico de desenho computorizado
700 #1 - Nome de autor-pessoa física (responsabilidade principal)
Número de registo de entrada de autoridade 0000712
Palavra de ordem Letria
Outra parte do nome não tomada para palavra de ordem José Jorge
Datas 1951-
942 ## - Elementos de entrada adicionados (Koha)
Tipo de item no Koha Livro
Exemplares
Situação do levantamento Origin of item (home branch) (coded) Biblioteca de empréstimo Código de barras Circulation type (not for loan) Tipo de documento Nota do exemplar Damaged status
  Biblioteca Escolar Eng. Nuno Mergulhão Biblioteca Escolar Eng. Nuno Mergulhão BENM1185   Livro Sem mensagem